Horacio arte poetica: epistola a los pisones

Saved in:
書目詳細資料
主要作者: Velásquez, Oscar (Author)
格式: 圖書
語言:西班牙语
出版: Santiago Ediciones Universidad Católica de Chile 1999
主題:
標簽: 添加標簽
沒有標簽, 成為第一個標記此記錄!

MARC

LEADER 00000nam a2200000 a 4500
001 UCP7067
003 CL-VaPUC
008 991126e19990000CL |||||||||||||||||spa|d
082 0 4 |a 871.09  |b VEL  |2 21 
100 0 |a Velásquez, Oscar  |e author  |9 436459 
245 1 0 |a Horacio arte poetica: epistola a los pisones 
300 |a 135 p 
942 |c BK 
945 |d 19991126 00:00:00  |a rbrito 
260 |a Santiago  |b Ediciones Universidad Católica de Chile  |c 1999 
600 0 |a Horacio  |9 267078 
650 7 |a POESIAS LATINAS  |2 CL-VaPUC  |9 436460 
650 0 |a Literatura latina   |9 258055 
650 0 |a Historia y crítica   |9 257407 
650 0 |a Crítica e interpretación   |9 255042 
583 |a last modification  |c 19991126 00:00:00  |k Rodrigo Vera 
999 |c 284416  |d 284414 
952 |0 0  |1 0  |4 0  |6 871_090000000000000_VEL_1999  |7 0  |8 A  |9 328423  |a BIBARQ  |b BIBARQ  |d 2019-11-20  |i 3582809  |o 871.09 VEL 1999  |p 3582809  |r 2025-01-20  |w 2019-11-20  |y BK  |k ARQ